| 000 | 00947nam0a22002891 4500 | ||
|---|---|---|---|
| 001 | v19\rc\1925331 | ||
| 005 | 20251118180704.4 | ||
| 035 | _a(NLR Aleph) 005011258 | ||
| 090 |
_a6490115 _c6490115 |
||
| 100 | _a20080404d1912 |||y0rusy50 ca | ||
| 101 | 0 | _arus | |
| 102 | _aRU | ||
| 105 | _aa z ||||| | ||
| 200 | 1 |
_aКраткое руководство к изучению антропологии _fЭ.Г. Ландау, прив.-доц. Имп. Юрьев. ун-та |
|
| 210 |
_aЮрьев _cтип. К. Маттисена _d1912 |
||
| 215 |
_a[4], 78 с. _cил. _d23 |
||
| 320 | _aБиблиогр.: с. 3-4, 14, 30 и в примеч. | ||
| 700 | 1 |
_aЛандау _bЭ. Г. _gЭбер Гиршович |
|
| 801 | 0 |
_aRU _bNLR _gpsbo |
|
| 801 | 0 |
_aRU _bRuMoRGB _2psbo |
|
| 801 | 1 |
_aRU _bProSoft-M _2rusmarc |
|
| 852 |
_aNLR _j18.286.8.134 |
||
| 899 |
_aRuMoRGB _jC 27/9 |
||
| 899 | _aБАН | ||
| 899 | _aНБ МГУ | ||
| 942 | _cBOOK | ||
| 980 | _aNB | ||